00682nam a2200193Ia 4500008004100000020001400041082001400055100006500069245005000134250000800184260005500192300002300247500001900270600003300289650001100322942000700333952013100340999001700471240925s9999 xx 000 0 und d a534346898 a174.2 COR aCorey, Gerald ; Corey, Marianne Schneider; Callanan, Patrick 0aIssues and Ethics: In the helping professions a5th aCalifornia:bBrooks/Cole Cengagae Learningc,1998. a533p.b0fOriginal aIncludes Index aHumanities & Natural Science aEthics cBK 001040708HUMaUITUbUITUd2018-11-22eShahid Book Centerg625.00l0o174.2 CORpQ11982r2024-09-25 07:16:16w2024-09-25yBK c14481d14481